000 00781cam a22002533a 4500
001 30345
003 PGUSA
005 20140828083645.0
008 091028s2009||||xxu|||||s|||||000 | eng d
040 _aPGUSA
_beng
042 _adc
050 4 _aPA
100 1 _aSeneca, Lucius Annaeus,
_d-65
245 1 0 _aOctavia Praetexta
_h[electronic resource] /
_cLucius Annaeus Seneca
260 _bProject Gutenberg,
_c2009
506 _aPublic domain in the USA.
516 _aElectronic text
653 _aOctavia, consort of Nero, Emperor of Rome, approximately 42-62 -- Drama
653 _aRome -- History -- Nero, 54-68 -- Drama
700 1 _aHosius, Carl,
_d1866-1937
830 0 _aProject Gutenberg
_v30345
856 4 0 _uhttp://www.gutenberg.org/ebooks/30345
942 _cEB
999 _c259600
_d259600